[Event "GRE-ch South U16"]
[Site "Athens"]
[Date "2020.08.29"]
[Round "2"]
[White "Mallios, Ioannis"]
[Black "Christodoulou, Panormitis"]
[Result "1-0"]
[WhiteElo "1833"]
[BlackElo "1698"]
[PlyCount "69"]
[EventDate "2020.08.28"]
[EventType "swiss"]
[EventRounds "9"]
[EventCountry "GRE"]
[SourceTitle "EXT 2023"]
[Source "ChessBase"]
[SourceDate "2022.10.05"]
[SourceVersion "1"]
[SourceVersionDate "2022.10.05"]
[SourceQuality "1"]

1. e4 c5 2. Nf3 Nc6 3. d4 cxd4 4. Nxd4 Nf6 5. Nc3 d6 6. Bg5 e6 7. Qd3 a6 8. Be2 Bd7 9. f4 h6 10. Bh4 Be7 11. 0-0-0 Rc8 12. Kb1 Nxd4 13. Qxd4 Bc6 14. Bf3 0-0 15. Bxf6 Bxf6 16. Qxd6 Bxc3 17. Qxd8 Rfxd8 18. bxc3 Kf8 19. Kb2 Ke7 20. Kb3 Rxd1 21. Rxd1 Rd8 22. Rd3 f5 23. Rxd8 Kxd8 24. exf5 exf5 25. Bxc6 bxc6 26. Kc4 Kd7 27. Kc5 Kc7 28. h4 h5 29. a4 a5 30. c4 g6 31. g3 Kd7 32. Kb6 Kd6 33. Kxa5 Kc5 34. Ka6 Kd6 35. Kb7 1-0

[Event "GRE-ch South U16"]
[Site "Athens"]
[Date "2020.08.29"]
[Round "3"]
[White "Papaioannou, Dimitrios1111"]
[Black "Mallios, Ioannis"]
[Result "1-0"]
[WhiteElo "1769"]
[BlackElo "1833"]
[PlyCount "101"]
[EventDate "2020.08.28"]
[EventType "swiss"]
[EventRounds "9"]
[EventCountry "GRE"]
[SourceTitle "EXT 2023"]
[Source "ChessBase"]
[SourceDate "2022.10.05"]
[SourceVersion "1"]
[SourceVersionDate "2022.10.05"]
[SourceQuality "1"]

1. c4 e5 2. Nc3 d6 3. g3 f5 4. Bg2 Nf6 5. d3 Be7 6. e3 c6 7. f4 0-0 8. Nh3 a5 9. 0-0 Na6 10. Nf2 Be6 11. Re1 e4 12. dxe4 fxe4 13. Ncxe4 Bxc4 14. Ng5 Nc5 15. b3 Bf7 16. Bb2 Qc7 17. e4 Nfd7 18. Nxf7 Rxf7 19. Re3 Re8 20. Ng4 Bf8 21. Qd4 Nf6 22. Nxf6+ Rxf6 23. Rc1 Ne6 24. Qd2 Rf7 25. Kh1 Nc5 26. Bd4 Ne6 27. Bc3 Ra8 28. Bh3 Re7 29. Qe2 Nc5 30. e5 Rae8 31. e6 Qd8 32. f5 Rc7 33. Bxa5 Be7 34. Rd1 d5 35. Qh5 Rf8 36. Bg2 Qd6 37. Bxc7 Qxc7 38. g4 h6 39. Qh3 Ra8 40. a4 Bg5 41. Re2 Qd6 42. Rde1 Qe7 43. Qg3 Bh4 44. Qc3 Bf6 45. Qf3 Ra6 46. Qf4 Ra8 47. Qb4 Qd6 48. e7 Kf7 49. e8Q+ Rxe8 50. Re4 Re7 51. Rxe7+ 1-0

[Event "Ambelokipi op 175th"]
[Site "Athens"]
[Date "2020.01.15"]
[Round "1"]
[White "Karampetsas, Ioannis"]
[Black "Mallios, Ioannis"]
[Result "0-1"]
[WhiteElo "1318"]
[BlackElo "1837"]
[PlyCount "76"]
[EventDate "2020.01.15"]
[EventType "swiss"]
[EventRounds "7"]
[EventCountry "GRE"]
[SourceTitle "EXT 2021"]
[Source "ChessBase"]
[SourceDate "2020.10.23"]
[SourceVersion "1"]
[SourceVersionDate "2020.10.23"]
[SourceQuality "1"]

1. e4 c5 2. Nf3 Nc6 3. d4 cxd4 4. Nxd4 Nf6 5. Nc3 e5 6. Ndb5 d6 7. Nd5 Nxd5 8. exd5 Nb8 9. a4 Nd7 10. Bd3 Be7 11. 0-0 0-0 12. c3 a6 13. Na3 f5 14. f3 Nf6 15. Bc2 b5 16. Bg5 Qb6+ 17. Kh1 Bd7 18. axb5 axb5 19. Qe2 h6 20. Bh4 Kh8 21. g4 Nxd5 22. Bf2 Qb7 23. gxf5 Nf4 24. Qe4 Bc6 25. f6 Bxe4 26. Bxe4 d5 27. fxe7 Qxe7 28. Bc2 b4 29. cxb4 Qxb4 30. Rab1 Qb7 31. Rfe1 Qd7 32. Bg3 Qh3 33. Rg1 h5 34. Rbf1 Rfb8 35. Rb1 h4 36. Bd1 Rxa3 37. Bxf4 exf4 38. Be2 Rxf3 0-1

[Event "GRE-ch U14"]
[Site "Patras"]
[Date "2019.06.30"]
[Round "8.3"]
[White "Gavriil, Odysseas Panagiotis"]
[Black "Mallios, Ioannis"]
[Result "1-0"]
[WhiteElo "2038"]
[BlackElo "1851"]
[PlyCount "116"]
[EventDate "2019.06.25"]
[EventType "swiss"]
[EventRounds "9"]
[EventCountry "GRE"]
[SourceTitle "EXT 2020"]
[Source "ChessBase"]
[SourceDate "2019.10.17"]
[SourceVersion "1"]
[SourceVersionDate "2019.10.17"]
[SourceQuality "1"]
[WhiteTeam "Greece"]
[BlackTeam "Greece"]
[WhiteTeamCountry "GRE"]
[BlackTeamCountry "GRE"]

1. Nf3 c5 2. b3 d5 3. e3 Bg4 4. Bb2 Nc6 5. Bb5 e6 6. h3 Bxf3 7. Bxc6+ bxc6 8. Qxf3 Nf6 9. d3 Be7 10. 0-0 0-0 11. Nd2 Qc7 12. c4 Nd7 13. Qe2 a5 14. e4 d4 15. f4 e5 16. f5 Rfb8 17. Qg4 Nf6 18. Qf3 h6 19. Kh1 Nh7 20. Qe2 Bf6 21. g3 Qe7 22. h4 g6 23. fxg6 fxg6 24. Qg4 Nf8 25. h5 Qd7 26. Qxd7 Nxd7 27. hxg6 Kg7 28. Bc1 Kxg6 29. Nf3 Rf8 30. Bd2 Kh5 31. Kg2 Kg6 32. Kh3 Bg5 33. Nxg5 hxg5 34. Rxf8 Nxf8 35. Rf1 Nd7 36. Rf5 a4 37. Rxg5+ Kh7 38. b4 cxb4 39. Bxb4 c5 40. Ba3 Rb8 41. Rf5 Kg6 42. Rf1 Rh8+ 43. Kg2 Rb8 44. g4 Rb6 45. Kg3 Rb8 46. Rh1 Kg7 47. g5 Rf8 48. Rb1 Kg6 49. Rb7 Rf7 50. Rc7 Kxg5 51. Bxc5 Nxc5 52. Rxf7 Nxd3 53. Rf5+ Kg6 54. a3 Kg7 55. Kf3 Kg6 56. Ke2 Nb2 57. c5 Nc4 58. c6 Nd6 1-0

[Event "Athens Stamatopoulos Memorial 1st"]
[Site "Athens"]
[Date "2018.12.05"]
[Round "6"]
[White "Mallios, Ioannis"]
[Black "Bouboulis, Spyridon Odysseys"]
[Result "1/2-1/2"]
[WhiteElo "1699"]
[BlackElo "1931"]
[PlyCount "74"]
[EventDate "2018.10.31"]
[EventType "swiss"]
[EventRounds "7"]
[EventCountry "GRE"]
[SourceTitle "EXT 2020"]
[Source "ChessBase"]
[SourceDate "2019.10.17"]
[SourceVersion "1"]
[SourceVersionDate "2019.10.17"]
[SourceQuality "1"]

1. e4 c5 2. Nf3 e6 3. d4 cxd4 4. Nxd4 a6 5. c4 Nf6 6. Nc3 Qc7 7. a3 b6 8. Be2 Bb7 9. f3 d6 10. Be3 Nbd7 11. 0-0 Be7 12. Rc1 0-0 13. Qe1 Rac8 14. Qg3 Rfe8 15. h4 Bf8 16. Qh3 Qb8 17. g4 Ne5 18. b3 Nfd7 19. g5 Qa8 20. h5 Nc6 21. g6 Nxd4 22. gxf7+ Kxf7 23. Bxd4 Nc5 24. Rb1 Be7 25. Rf2 Bf6 26. Bxf6 gxf6 27. b4 Nd7 28. Kh2 Ne5 29. h6 Rg8 30. Rg1 Rxg1 31. Kxg1 Rg8+ 32. Rg2 Rxg2+ 33. Qxg2 Qg8 34. Qxg8+ Kxg8 35. Kf2 Kf7 36. f4 Nd7 37. Ke3 Bc6 1/2-1/2

[Event "Athens Stamatopoulos Memorial 1st"]
[Site "Athens"]
[Date "2018.11.21"]
[Round "4"]
[White "Mallios, Ioannis"]
[Black "Dimitriou, Georgios"]
[Result "1/2-1/2"]
[WhiteElo "1699"]
[BlackElo "2047"]
[PlyCount "93"]
[EventDate "2018.10.31"]
[EventType "swiss"]
[EventRounds "7"]
[EventCountry "GRE"]
[SourceTitle "EXT 2020"]
[Source "ChessBase"]
[SourceDate "2019.10.17"]
[SourceVersion "1"]
[SourceVersionDate "2019.10.17"]
[SourceQuality "1"]

1. e4 c5 2. Nf3 e6 3. d4 cxd4 4. Nxd4 Nc6 5. Nc3 a6 6. Be2 Qc7 7. Nxc6 bxc6 8. 0-0 Nf6 9. Be3 d5 10. exd5 cxd5 11. Qd4 Bd6 12. f4 0-0 13. a3 Rb8 14. Rab1 e5 15. fxe5 Bxe5 16. Qc5 Bxh2+ 17. Kh1 Be6 18. Qxc7 Bxc7 19. Bc5 Rfd8 20. Bxa6 d4 21. Nb5 Rxb5 22. Bxb5 Ne4 23. b4 Rd5 24. Rfd1 Nc3 25. Bc6 Rh5+ 26. Kg1 Bh2+ 27. Kf2 Rf5+ 28. Ke1 Nxb1 29. Rxb1 Bc4 30. Bf3 Bg3+ 31. Kd1 Re5 32. Kc1 d3 33. cxd3 Bxd3 34. Rb3 Bb5 35. a4 Bxa4 36. Ra3 Bf4+ 37. Kb2 Bb5 38. Bd6 g5 39. Ra8+ Re8 40. Rxe8+ Bxe8 41. Bxf4 gxf4 42. Kc3 Bb5 43. Kd4 Kg7 44. Ke5 Kg6 45. Kxf4 Kf6 46. Be4 h6 47. Bd5 1/2-1/2

[Event "GRE-ch U14"]
[Site "Rio Achaia"]
[Date "2018.07.04"]
[Round "3"]
[White "Mallios, Ioannis"]
[Black "Valsamidis, Athanasios"]
[Result "1-0"]
[WhiteElo "1617"]
[BlackElo "1364"]
[PlyCount "57"]
[EventDate "2018.07.03"]
[EventType "swiss"]
[EventRounds "9"]
[EventCountry "GRE"]
[SourceTitle "EXT 2019"]
[Source "ChessBase"]
[SourceDate "2018.10.10"]
[SourceVersion "1"]
[SourceVersionDate "2018.10.10"]
[SourceQuality "1"]

1. e4 c5 2. Nf3 e6 3. d4 cxd4 4. Nxd4 Nc6 5. Nc3 Qc7 6. Nb3 a6 7. Bd3 Nf6 8. f4 Bb4 9. Be3 Na5 10. 0-0 Nxb3 11. cxb3 b5 12. Rc1 Bc5 13. Bxc5 Qxc5+ 14. Kh1 Qe3 15. e5 Ng8 16. Ne4 Ne7 17. Nd6+ Kf8 18. Be4 Rb8 19. Nxc8 Nxc8 20. Qxd7 Ne7 21. Rc7 Re8 22. Bc6 g6 23. Qxe8+ Kg7 24. Qxe7 Rf8 25. Qf6+ Kh6 26. Rxf7 Rxf7 27. Qxf7 Qe2 28. Qf8+ Kh5 29. Bf3+ 1-0

[Event "GRE-ch Schools Gymnasia-A 30th"]
[Site "Peristeri"]
[Date "2018.04.02"]
[Round "9"]
[White "Mallios, Ioannis"]
[Black "Sifogiannakis, Andreas"]
[Result "0-1"]
[WhiteElo "1605"]
[BlackElo "1555"]
[PlyCount "41"]
[EventDate "2018.04.01"]
[EventType "swiss (rapid)"]
[EventRounds "9"]
[EventCountry "GRE"]
[SourceTitle "EXT 2019"]
[Source "ChessBase"]
[SourceDate "2018.10.10"]
[SourceVersion "1"]
[SourceVersionDate "2018.10.10"]
[SourceQuality "1"]

1. e4 e5 2. Nf3 Nc6 3. d4 exd4 4. Nxd4 Nf6 5. Nc3 Bb4 6. Nxc6 bxc6 7. Bd3 d5 8. exd5 cxd5 9. 0-0 0-0 10. h3 Re8 11. Qf3 h6 12. a3 Bd6 13. Bf4 c6 14. Rad1 Bxf4 15. Qxf4 Be6 16. Ne2 c5 17. b3 Qb6 18. b4 c4 19. Bf5 Bxf5 20. Qxf5 Rxe2 21. Rfe1 0-1

[Event "GRE-ch Schools Gymnasia-A 30th"]
[Site "Peristeri"]
[Date "2018.04.02"]
[Round "7"]
[White "Mallios, Ioannis"]
[Black "Tzavaras, Spyridon"]
[Result "1-0"]
[WhiteElo "1605"]
[BlackElo "1237"]
[PlyCount "139"]
[EventDate "2018.04.01"]
[EventType "swiss (rapid)"]
[EventRounds "9"]
[EventCountry "GRE"]
[SourceTitle "EXT 2019"]
[Source "ChessBase"]
[SourceDate "2018.10.10"]
[SourceVersion "1"]
[SourceVersionDate "2018.10.10"]
[SourceQuality "1"]

1. e4 c5 2. Nf3 d6 3. d4 cxd4 4. Qxd4 Nc6 5. Qe3 Nf6 6. c4 a6 7. Nc3 Qc7 8. h3 e6 9. Be2 Be7 10. 0-0 0-0 11. b3 b6 12. Bb2 Bb7 13. Rac1 Rac8 14. Rfd1 Rfd8 15. Nd5 exd5 16. cxd5 b5 17. Bd4 Qb8 18. dxc6 Bxc6 19. Bd3 Re8 20. Re1 h6 21. e5 dxe5 22. Bxe5 Qb7 23. Bf5 Rcd8 24. Nd4 Nd5 25. Qg3 f6 26. Nxc6 fxe5 27. Be6+ Kh8 28. Nxd8 Rxd8 29. Qxe5 Bf6 30. Bxd5 Rxd5 31. Qe8+ Kh7 32. Qe4+ Kh8 33. Rcd1 Rxd1 34. Qxb7 Rxe1+ 35. Kh2 Be5+ 36. g3 Re2 37. Qc8+ Kh7 38. Qf5+ Kh8 39. Qf3 Re1 40. Qa8+ Kh7 41. Qf3 Bf6 42. Qd3+ Kg8 43. Qd2 Ra1 44. Kg2 Kh8 45. Qa5 Kh7 46. Qxa6 Kg6 47. Qa3 Kh7 48. Qa8 Kg6 49. Qe4+ Kf7 50. Qc2 Kg8 51. b4 Kh8 52. Qe2 Kh7 53. Qe4+ Kg8 54. Qf5 Kf7 55. Qxb5 Kg6 56. Qd3+ Kf7 57. Qb3+ Kg6 58. b5 Re1 59. b6 Be5 60. b7 Bb8 61. a4 Re8 62. a5 Kf6 63. a6 Ba7 64. Qc3+ Kf7 65. Qc7+ Kf8 66. Qc8 Kf7 67. Qa8 Bb8 68. a7 Be5 69. Qxe8+ Kxe8 70. a8Q+ 1-0

[Event "GRE-ch U12"]
[Site "Achaia"]
[Date "2017.07.02"]
[Round "9"]
[White "Mallios, Ioannis"]
[Black "Stefanou, Konstantinos"]
[Result "1-0"]
[WhiteElo "1604"]
[BlackElo "1439"]
[PlyCount "101"]
[EventDate "2017.06.26"]
[EventType "swiss"]
[EventRounds "9"]
[EventCountry "GRE"]
[SourceTitle "EXT 2018"]
[Source "ChessBase"]
[SourceDate "2017.10.13"]
[SourceVersion "1"]
[SourceVersionDate "2017.10.13"]
[SourceQuality "1"]

1. e4 c6 2. Nc3 d5 3. Nf3 Bg4 4. h3 Bh5 5. d3 e6 6. Bf4 Bb4 7. a3 Ba5 8. b4 Bc7 9. e5 Nd7 10. Qe2 Bxe5 11. Bxe5 f6 12. Bh2 e5 13. Qd2 Ne7 14. Be2 Bf7 15. 0-0 0-0 16. Rad1 a5 17. Kh1 Nb6 18. Ng1 d4 19. Ne4 Nbd5 20. f4 f5 21. Nf2 Ne3 22. fxe5 axb4 23. Qxb4 Nxc2 24. Qxb7 Ne3 25. Qb2 Qa5 26. Qxd4 Nxf1 27. Rxf1 Qxa3 28. Nf3 Qa2 29. Re1 Qd5 30. Qe3 Rfd8 31. Ng5 Qd4 32. Qxd4 Rxd4 33. e6 Bg6 34. Be5 Rdd8 35. d4 h6 36. Nf3 Nd5 37. Bc4 Ra7 38. Nd3 Ra4 39. Bb3 Ra3 40. Nc5 Rda8 41. Kh2 R8a5 42. Bxd5 cxd5 43. Nh4 Rxc5 44. dxc5 Be8 45. Nxf5 Ra5 46. Bd4 Ra7 47. Nd6 Bc6 48. e7 Ra8 49. e8Q+ Bxe8 50. Rxe8+ Rxe8 51. Nxe8 1-0

[Event "GRE-ch U12"]
[Site "Achaia"]
[Date "2017.06.29"]
[Round "5"]
[White "Mallios, Ioannis"]
[Black "Athanasopoulos, Theodoros Dim"]
[Result "1-0"]
[WhiteElo "1604"]
[BlackElo "1297"]
[PlyCount "71"]
[EventDate "2017.06.26"]
[EventType "swiss"]
[EventRounds "9"]
[EventCountry "GRE"]
[SourceTitle "EXT 2018"]
[Source "ChessBase"]
[SourceDate "2017.10.13"]
[SourceVersion "1"]
[SourceVersionDate "2017.10.13"]
[SourceQuality "1"]

1. e4 d5 2. exd5 Qxd5 3. Nc3 Qa5 4. d4 c6 5. Bc4 Bf5 6. Nf3 Nf6 7. Bd2 Nbd7 8. 0-0 e6 9. a3 Be7 10. Re1 0-0 11. Nd5 Qd8 12. Nxe7+ Qxe7 13. Ne5 Rad8 14. Qc1 Nxe5 15. dxe5 Ne4 16. Be3 Qh4 17. Be2 h6 18. f3 Ng5 19. b4 Nh7 20. f4 Qe7 21. Bc5 Qh4 22. Bxf8 Nxf8 23. Qe3 Ng6 24. Rf1 Bxc2 25. Rac1 Bf5 26. Rcd1 Rxd1 27. Bxd1 h5 28. Qg3 Qd8 29. Bxh5 Qd4+ 30. Qf2 Qc3 31. Bxg6 Bxg6 32. Qxa7 Bd3 33. Qe3 Qb3 34. Qf3 Qc2 35. Rd1 Be4 36. Rd8+ 1-0

[Event "GRE-ch U12"]
[Site "Achaia"]
[Date "2017.06.27"]
[Round "3"]
[White "Mallios, Ioannis"]
[Black "Papagiannis, Asterios"]
[Result "0-1"]
[WhiteElo "1604"]
[BlackElo "1693"]
[PlyCount "174"]
[EventDate "2017.06.26"]
[EventType "swiss"]
[EventRounds "9"]
[EventCountry "GRE"]
[SourceTitle "EXT 2018"]
[Source "ChessBase"]
[SourceDate "2017.10.13"]
[SourceVersion "1"]
[SourceVersionDate "2017.10.13"]
[SourceQuality "1"]

1. e4 c5 2. Nf3 d6 3. d4 cxd4 4. Qxd4 a6 5. h3 Nc6 6. Qe3 e6 7. c4 Nf6 8. Be2 Be7 9. 0-0 0-0 10. Rd1 Qc7 11. Nc3 Rd8 12. Rb1 b6 13. b3 Bb7 14. Bb2 Nb8 15. Rbc1 Nbd7 16. Bd3 Rac8 17. a3 Bc6 18. Nd5 Bxd5 19. cxd5 Qb7 20. dxe6 fxe6 21. Ng5 Nf8 22. e5 Rxc1 23. Bxc1 dxe5 24. Qxe5 Rd5 25. Qe2 Qd7 26. Rd2 b5 27. Nf3 Bd6 28. Be4 Nxe4 29. Qxe4 Rxd2 30. Nxd2 Bc5 31. b4 Bb6 32. Qc2 Ng6 33. Nf3 Qc7 34. Qxc7 Bxc7 35. Ng5 e5 36. Bd2 h6 37. Ne6 Bb6 38. Be3 Kf7 39. Nc5 Bxc5 40. Bxc5 Ke6 41. Kf1 Kd5 42. Ke2 Nf4+ 43. Kd2 g6 44. Be3 Nxg2 45. Bxh6 Nh4 46. Be3 Ke4 47. Ke2 Nf3 48. Kf1 Nh4 49. Ke2 Nf3 50. Kf1 Nd4 51. h4 Nc2 52. Bc1 Kf3 53. Bb2 e4 54. Bc1 Nd4 55. Be3 Nf5 56. Bg5 Nd6 57. Be3 Nc4 58. Bc1 Ne5 59. Bd2 Ng4 60. Be1 e3 61. fxe3 Nxe3+ 62. Kg1 Nc2 63. Bc3 Nxa3 64. Kf1 Nc2 65. Bd2 Nd4 66. Bc3 Nf5 67. Bf6 Ne3+ 68. Kg1 Nc2 69. Be7 Ne3 70. Bg5 Nd5 71. Bd2 Ke2 72. Bh6 Nxb4 73. Kg2 Nd3 74. Kg3 Ne5 75. Kf4 Nf7 76. Bf8 Kd3 77. Bb4 Kc4 78. Be1 b4 79. Ke3 a5 80. Kd2 a4 81. Kc2 Nd8 82. Kb2 Ne6 83. Ka2 Nf4 84. Bg3 Nd3 85. h5 gxh5 86. Bh4 Kc3 87. Bf6+ Kc2 0-1

[Event "GRE-ch U12"]
[Site "Achaia"]
[Date "2017.06.26"]
[Round "1"]
[White "Mallios, Ioannis"]
[Black "Papaioannou, Charalampos"]
[Result "1-0"]
[WhiteElo "1604"]
[BlackElo "1221"]
[PlyCount "39"]
[EventDate "2017.06.26"]
[EventType "swiss"]
[EventRounds "9"]
[EventCountry "GRE"]
[SourceTitle "EXT 2018"]
[Source "ChessBase"]
[SourceDate "2017.10.13"]
[SourceVersion "1"]
[SourceVersionDate "2017.10.13"]
[SourceQuality "1"]

1. e4 e5 2. Nf3 Nc6 3. d4 exd4 4. Nxd4 Bc5 5. Nb3 Bb6 6. Nc3 Nf6 7. Qe2 d6 8. Bg5 Nd4 9. Qd2 Nxb3 10. axb3 c6 11. f4 0-0 12. 0-0-0 Bg4 13. Re1 h6 14. Bh4 Qd7 15. Bxf6 gxf6 16. h3 Be6 17. f5 Bxf5 18. exf5 Kh7 19. Ne4 d5 20. Nxf6+ 1-0

[Event "GRE-ch U12"]
[Site "Porto Rio"]
[Date "2016.07.03"]
[Round "8"]
[White "Mallios, Ioannis"]
[Black "Tzavaras, Spyridon"]
[Result "1-0"]
[WhiteElo "1544"]
[BlackElo "1209"]
[PlyCount "41"]
[EventDate "2016.06.28"]
[EventType "swiss"]
[EventRounds "9"]
[EventCountry "GRE"]
[SourceTitle "CBM 173 Extra"]
[Source "ChessBase"]
[SourceDate "2016.08.29"]
[SourceVersion "1"]
[SourceVersionDate "2016.08.29"]
[SourceQuality "1"]

1. e4 c5 2. Nf3 e6 3. d4 cxd4 4. Nxd4 Nf6 5. Nc3 Nc6 6. Nxc6 bxc6 7. e5 Nd5 8. Ne4 Qc7 9. f4 Qb6 10. c4 Bb4+ 11. Ke2 f5 12. Nf2 Ne7 13. a3 Bc5 14. Nd3 Ba6 15. Qc2 Rb8 16. b4 Bd4 17. Rb1 c5 18. b5 Bb7 19. Bd2 0-0 20. Qa4 Rfd8 21. Ba5 1-0

[Event "GRE-ch U12"]
[Site "Porto Rio"]
[Date "2016.06.28"]
[Round "1"]
[White "Vourgidis, Athanasios"]
[Black "Mallios, Ioannis"]
[Result "0-1"]
[WhiteElo "1158"]
[BlackElo "1544"]
[PlyCount "80"]
[EventDate "2016.06.28"]
[EventType "swiss"]
[EventRounds "9"]
[EventCountry "GRE"]
[SourceTitle "CBM 173 Extra"]
[Source "ChessBase"]
[SourceDate "2016.08.29"]
[SourceVersion "1"]
[SourceVersionDate "2016.08.29"]
[SourceQuality "1"]

1. e4 c5 2. Nf3 e6 3. d4 cxd4 4. Nxd4 Nf6 5. Nc3 d6 6. Bb5+ Bd7 7. Bxd7+ Qxd7 8. 0-0 Be7 9. Bg5 h6 10. Bh4 a6 11. Re1 Nc6 12. Nxc6 Qxc6 13. Qf3 Rc8 14. Rad1 b5 15. Rd2 b4 16. Nd1 Qa4 17. Qb3 Qxb3 18. axb3 Rc5 19. Ree2 0-0 20. Bxf6 gxf6 21. Re3 Rfc8 22. Rg3+ Kh7 23. Ne3 Ra5 24. Rd1 Ra2 25. Rb1 Rc5 26. h3 Bd8 27. Kf1 a5 28. Ke1 Re5 29. f3 f5 30. Nc4 Bh4 31. Kf2 Rc5 32. exf5 Rxf5 33. Nxd6 Rc5 34. Nc4 Rg5 35. Kg1 Bxg3 36. Nd2 Bf4 37. Ne4 Rg6 38. Nf2 Be3 39. Kf1 Bxf2 40. Kxf2 a4 0-1

[Event "GRE-ch U10"]
[Site "Rio Achaia"]
[Date "2015.06.29"]
[Round "6.4"]
[White "Papidakis, Georgios"]
[Black "Mallios, Ioannis"]
[Result "0-1"]
[WhiteElo "1167"]
[BlackElo "1339"]
[PlyCount "86"]
[EventDate "2015.06.26"]
[EventType "swiss"]
[EventRounds "9"]
[EventCountry "GRE"]
[SourceTitle "EXT 2024"]
[Source "ChessBase"]
[SourceDate "2023.10.10"]
[SourceVersion "1"]
[SourceVersionDate "2023.10.10"]
[SourceQuality "1"]

1. e4 c5 2. Nf3 e6 3. d4 cxd4 4. Nxd4 Nf6 5. Nc3 d6 6. Be2 Be7 7. 0-0 0-0 8. Be3 Nc6 9. f4 e5 10. Nb3 exf4 11. Bxf4 Be6 12. Qe1 Qb6+ 13. Kh1 Nd7 14. Qg3 Nce5 15. Be3 Qd8 16. Qe1 Nf6 17. Rd1 a6 18. Bd4 Qc7 19. Bxe5 dxe5 20. Bf3 Rfd8 21. Rf2 Rxd1 22. Qxd1 Rd8 23. Rd2 Rxd2 24. Qxd2 Bb4 25. a3 Bxc3 26. bxc3 h6 27. Qe3 b6 28. h3 Qd6 29. Kh2 Nd7 30. Qc1 Nc5 31. Nxc5 Qxc5 32. Qb2 a5 33. Be2 g6 34. Bd3 Kg7 35. Qa1 Qd6 36. Kg1 Qc5+ 37. Kh1 Qd6 38. Qb2 Qc5 39. Bb5 h5 40. Ba4 Bc4 41. Bb3 Bf1 42. Qc1 Qf2 43. Qg5 f6 0-1